header

Political bargaining (Record no. 109546)

MARC details
000 -LEADER
fixed length control field 01292nam a2200349 a 4500
100 1# - MAIN ENTRY--AUTHOR NAME
Personal name Doron, Gideon.
245 10 - TITLE STATEMENT
Title Political bargaining
260 ## - PUBLICATION, DISTRIBUTION, ETC. (IMPRINT)
Place of publication London ;
-- Thousand Oaks, Calif. :
Name of publisher SAGE,
Year of publication 2001.
300 ## - PHYSICAL DESCRIPTION
Number of Pages xiv, 177 p. :
Other physical details ill.
650 #0 - SUBJECT ADDED ENTRY--TOPICAL TERM
Topical Term Social choice.
Topical Term Rational choice theory.
Topical Term Negotiation.
700 1# - ADDED ENTRY--PERSONAL NAME
Personal name Sened, Itai.
856 40 - ELECTRONIC LOCATION AND ACCESS
Uniform Resource Identifier http://site.ebrary.com/lib/rucke/Doc?id=10369664

No items available.

© 2026 Rongo University
Contact us: librarian | system librarian | Rongo university